Nursery Rhymes
| Main Author: | |
|---|---|
| Format: | Book |
| Published: |
New York :
Moden Publishing 994
|
MARC
| LEADER | 00000cam a2200000 7i4500 | ||
|---|---|---|---|
| 001 | 0000007616 | ||
| 002 | 000008179 | ||
| 005 | 20000330.0 | ||
| 020 | |a 0874494490 | ||
| 090 | 0 | 0 | |a JF |b RIS |
| 100 | 1 | |a Rissing, Karen | |
| 245 | 1 | 0 | |a Nursery Rhymes |c Karen Rissing |
| 260 | |a New York : |b Moden Publishing 994 | ||
| 300 | |a Pv. : |b ill. ; |c 30cm. | ||
| 999 | |a 055388 |b BUKU |c PINJAMAN |e PERPUSTAKAAN KOMUNITI PETALING JAYA | ||